Akta Harta Pesaka Kecil (Pembahagian) 1955 (Akta 98) : ([pada 1hb September 1985)

Bibliographic Details
Main Author: Hamid Ibrahim
Format: Book
Published: Kuala Lumpur : Malayan Law Publishers , 1985
Subjects:

MARC

LEADER 00000cam a2200000 7i4500
001 0000007253
005 20050415.0
040 |a INS 
090 0 0 |a HD715   |b A3158 1985 
100 0 |a Hamid Ibrahim 
245 1 0 |a Akta Harta Pesaka Kecil (Pembahagian) 1955 (Akta 98) :   |b ([pada 1hb September 1985)   |c Hamid Ibrahim. 
260 |a Kuala Lumpur :   |b Malayan Law Publishers ,   |c 1985 
300 |a 23 ms. ;   |c 25 cm. 
650 0 0 |a Distribution of decedents' estate   |z Malaysia 
650 0 0 |a Estates (Law)   |z Malaysia 
700 0 |a Hamid Ibrahim 
999 |a 0000000679   |b BOOK   |c Acts   |e Default branch